00651nam a2200157 a 450000100100000000500170001000800410002704000250006808200150009324501150010826001040022330000270032704900090035495201130036399900170047600003186620200930063236.0110707s1983 dr ac 000 0 spa d aDO-SdBNPbspacBNPHU axxxxbC69100aColectiva homenaje a la bandera dominicana :bprograma de revalorización del culto a los símbolos patrios. aSanto Domingo :bMuseo Nacional de Historia y Geografía :bJaycees Femenino Santo Domingo,c1983. a[32 p.] :bil., retrs. aBNPD 0010718PDaPDbPDcCTd2011-07-07iLF1l0oxxxx C691p31866-10r2020-06-25w2020-06-25yLFPDZNo se presta c31358d31358